000
00206nam a22000857a 4500
008
161202b xxu||||| |||| 00| 0 eng d
100
_9
1717
_a
Lewis.C.S.
245
_a
Prince Caspian
260
_a
Newyork
_b
H.T.
_c
1980
999
_c
4429
_d
4429